Иловайские (Запись № 13396628)

Подробности
000 -МАРКЕР
контрольное поле 02311nam0a2200457 4500
001 - ИДЕНТИФИКАТОР ЗАПИСИ
контрольное поле RU\NLR\BIBL_A\022517218
005 - ИДЕНТИФИКАТОР ВЕРСИИ
контрольное поле 20260409073420.0
010 ## - МЕЖДУНАРОДНЫЙ СТАНДАРТНЫЙ НОМЕР КНИГИ (ISBN)
Номер (ISBN) 978-5-93646-481-2
Тираж 100
035 ## - ДРУГИЕ СИСТЕМНЫЕ НОМЕРА
Идентификатор записи (NLR Aleph) 022517218
100 ## - ДАННЫЕ ОБЩЕЙ ОБРАБОТКИ
Данные общей обработки 20250409d2025 |||y0rusy50 ca
101 1# - ЯЗЫК РЕСУРСА
Язык текста, звукозаписи и т.д. русский
Язык оригинала русский
Язык текста, звукозаписи и т.д. английский
102 ## - СТРАНА ПУБЛИКАЦИИ ИЛИ ПРОИЗВОДСТВА
Страна публикации российская федерация
105 ## - ПОЛЕ КОДИРОВАННЫХ ДАННЫХ: ТЕКСТОВЫЕ МАТЕРИАЛЫ, МОНОГРАФИЧЕСКИЕ
Кодированные данные о монографическом текстовом документе ah||z|||001yd
181 #0 - ПОЛЕ КОДИРОВАННЫХ ДАННЫХ: ВИД СОДЕРЖАНИЯ
Код вида содержания (ISBD) i4
Код характеристики содержания (ISBD) axxe
182 #0 - ПОЛЕ КОДИРОВАННЫХ ДАННЫХ: ТИП СРЕДСТВА
Код типа средства (ISBD) n - непосредственное
182 #0 - ПОЛЕ КОДИРОВАННЫХ ДАННЫХ: ТИП СРЕДСТВА
Код типа средства (ISBD) b - электронное
200 1# - ЗАГЛАВИЕ И СВЕДЕНИЯ ОБ ОТВЕТСТВЕННОСТИ
Основное заглавие Иловайские
Параллельное заглавие Illovaiskiis
Сведения, относящиеся к заглавию фотоальбом № 18
Первые сведения об ответственности С. В. Корягин, Е. Ю. Нецецкая
Последующие сведения об ответственности перевод с русского Е. Ю. Нецецкой
Язык параллельного заглавия английский
203 ## - ВИД СОДЕРЖАНИЯ И ТИП СРЕДСТВА
Вид содержания Текст
Дополнительные сведения об издании визуальный
Тип средства непосредственный
203 ## - ВИД СОДЕРЖАНИЯ И ТИП СРЕДСТВА
Вид содержания Текст
Дополнительные сведения об издании визуальный
Тип средства электронный
210 ## - ПУБЛИКАЦИЯ, РАСПРОСТРАНЕНИЕ И ДР.
Место издания, распространения и т.д. Москва
Имя издателя, распространителя и т. д. Древлехранилище
Дата издания, распространения и т.д. 2025
215 ## - ФИЗИЧЕСКАЯ ХАРАКТЕРИСТИКА
Специфическое обозначение материала и объем 256 с.
Другие сведения о физической характеристике ил., факс.
Размеры 21
Сопроводительный материал 1 электрон. опт. диск (CD-ROM)
225 1# - СЕРИЯ
Основное заглавие серии Генеалогия и семейная история Донского казачества
Обозначение тома вып. 157
300 ## - ОБЩИЕ ПРИМЕЧАНИЯ
Текст примечания Авт. также англ.: Koriagin S., Netsetskaia E.
300 ## - ОБЩИЕ ПРИМЕЧАНИЯ
Текст примечания Текст рус., англ.
300 ## - ОБЩИЕ ПРИМЕЧАНИЯ
Текст примечания Часть кн., указ. в содерж. (с. 257-548 с имен. указ.), размещена на диске
320 ## - ПРИМЕЧАНИЯ О НАЛИЧИИ В ДОКУМЕНТЕ БИБЛИОГРАФИИ / УКАЗАТЕЛЯ
Текст примечания Библиогр. в тексте
510 1# - ПАРАЛЛЕЛЬНОЕ ЗАГЛАВИЕ
Связь между полями z11790
Параллельное заглавие Illovaiskiis
Язык заглавия английский
602 ## - РОДОВОЕ ИМЯ КАК ПРЕДМЕТ
Начальный элемент ввода Иловайские (род)
Идентификатор авторитетной/нормативной записи RU\NLR\AUTH\6601589562
-- 2269682
606 ## - НАИМЕНОВАНИЕ ТЕМЫ КАК ПРЕДМЕТ
Наименование темы Донское казачество
Тематический подзаголовок Генеалогия
Идентификатор авторитетной/нормативной записи RU\NLR\AUTH\661261427
Системный номер авторитетной/нормативной записи 2085312
686 1# - ИНДЕКСЫ ДРУГИХ КЛАССИФИКАЦИЙ
Индекс Т214(2)
686 1# - ИНДЕКСЫ ДРУГИХ КЛАССИФИКАЦИЙ
Индекс Т3(2)0-294
700 #1 - ИМЯ ЛИЦА - ПЕРВИЧНАЯ ОТВЕТСТВЕННОСТЬ
Графика поля Кириллица
Материалы, к которым относится поле rus
Начальный элемент ввода Корягин
Часть имени, кроме начального элемента ввода С. В.
Дополнения к именам, кроме дат канд. техн. наук
-- историк казачества
Расширение инициалов личного имени Сергей Викторович
Системный номер авторитетной/нормативной записи 154033
Идентификатор авторитетной/нормативной записи RU\NLR\AUTH\770154071
701 #1 - ИМЯ ЛИЦА - АЛЬТЕРНАТИВНАЯ ОТВЕТСТВЕННОСТЬ
Начальный элемент ввода Нецецкая
Часть имени, кроме начального элемента ввода Е. Ю.
Расширение инициалов личного имени Елена Юрьевна
722 ## - РОДОВОЕ ИМЯ - ВТОРИЧНАЯ ОТВЕТСТВЕННОСТЬ
Код отношения Объект посвящения
Материалы, к которым относится поле rus
Начальный элемент ввода Иловайские (род)
Графика поля Кириллица
Идентификатор авторитетной/нормативной записи RU\NLR\AUTH\7711929
Системный номер авторитетной/нормативной записи 121664
790 #1 - ИМЯ ЛИЦА - АЛЬТЕРНАТИВНАЯ ФОРМА
Графика поля Латинская
Материалы, к которым относится поле rus
Начальный элемент ввода Korjagin
Часть имени, кроме начального элемента ввода S. V.
Дополнения к именам, кроме дат канд. техн. наук
-- историк казачества
Расширение инициалов личного имени Sergej Viktorovič
Системный номер авторитетной/нормативной записи 154039
Идентификатор авторитетной/нормативной записи RU\NLR\AUTH\770154077
790 #1 - ИМЯ ЛИЦА - АЛЬТЕРНАТИВНАЯ ФОРМА
Связь между полями z11
-- z11510
Начальный элемент ввода Nececkaja
Часть имени, кроме начального элемента ввода E. J.
Расширение инициалов личного имени Elena Jur'evna
942 ## - ДОПОЛНИТЕЛЬНЫЕ ЭЛЕМЕНТЫ ЗАПИСИ (АБИС)
Тип экземпляра АБИС Книга
980 ## - КОЛЛЕКЦИЯ
Название коллекции Национальная библиография
Экземпляры
Тип экземпляра Дата поступления Источник поступления Библиотека постоянного хранения Библиотека текущего хранения Место хранения Шифр хранения Штрих-код Статус не для выдачи
Книга 09.04.2025 Обязательный экземпляр РНБ (Московский) РНБ (Московский) Русский книжный фонд: издания с 1957 года, 8этаж, Хран. 2025-3/8381 1-4926148  
Книга 09.04.2025 Обязательный экземпляр РНБ (Московский) РНБ (Московский) Русский книжный фонд 2025-3/8381 1-4926149